Equations of state in engineering and research /
Guardado en:
| Autores Corporativos: | , |
|---|---|
| Otros Autores: | , |
| Formato: | Libro |
| Idioma: | English |
| Publicado: |
Washington :
American Chemical Society,
1979.
|
| Series: | Advances in chemistry series ;
182, |
| Materias: | |
| Etiquetas: |
Agregar Etiqueta
Sin Etiquetas, Sea el primero en etiquetar este registro!
|
| LEADER | 01386cam a22002895a 4500 | ||
|---|---|---|---|
| 001 | EIQ.libpla003327 | ||
| 008 | 791011s1979####dcua#####b####101#0#eng#d | ||
| 005 | 20071127190457.0 | ||
| 245 | 0 | 0 | |a Equations of state in engineering and research / |c Kwang Chu Chao, editor, Robert L. Robinson, Jr., editor. |
| 260 | |a Washington : |b American Chemical Society, |c 1979. | ||
| 300 | |a x, 466 p. : |b il. ; |c 24 cm. | ||
| 440 | 0 | |a Advances in chemistry series ; |v 182, |x 0065-2393 | |
| 500 | |a "Based on a symposium sponsored by the Division of Industrial and Engineering Chemistry at the 176th meeting of the American Chemical Society, Miami Beach, Florida, September 11-14, 1978." | ||
| 504 | |a Incluye referencias bibliográficas e índice. | ||
| 020 | |a 0841205000 | ||
| 700 | 1 | |a Chao, Kwang-chu, |d 1925-, |e ed. |4 edt | |
| 700 | 1 | |a Robinson, Robert Louis, |d 1937-, |e ed. |4 edt | |
| 710 | 2 | |a American Chemical Society. |b Division of Industrial and Engineering Chemistry. | |
| 711 | 2 | |a Symposium on Equations of State in Engineering and Research |n (176th : |d 1978 : |c Miami Beach, Florida) | |
| 082 | 0 | 0 | |a 540/.8 s |a 541/.042 |
| 650 | 4 | |a Ecuaciones de estado |x Congresos. | |
| 650 | 4 | |a Procesos |x Termodinámica. | |
| 650 | 4 | |a Procesos |x Termodinámica. | |
| 650 | 4 | |a Equations of state |x Congresses. | |
| 010 | |a 79023696 | ||
| 040 | |a DLC |c DLC |d AR-BbSID | ||
| 859 | |a AR-BbSID |b BIB. PLAPIQUI |h 540.8 |i Ch 365 |p 347 | ||
